Carlos Pereyra

محفوظ في:
التفاصيل البيبلوغرافية
المؤلف الرئيسي: Aguayo Spencer, Rafael (مؤلف)
التنسيق: كتاب
اللغة:الإسبانية
منشور في: Ciudad de México Secretaría de Educación Pública 1948
سلاسل:Biblioteca Enciclopédica Popular, 190
الموضوعات:
الوسوم: إضافة وسم
لا توجد وسوم, كن أول من يضع وسما على هذه التسجيلة!

MARC

LEADER 00000nam a2200000 a 4500
001 UCO2691
003 CL-VaPUC
008 000608e19480000MX |||||||||||||||||spa|d
082 0 4 |a 980.0072  |b AGU  |2 21 
100 0 |a Aguayo Spencer, Rafael  |e author  |9 446223 
245 1 0 |a Carlos Pereyra 
300 |a 136 p 
942 |c BK 
945 |d 20000608 00:00:00  |a rherrera 
260 |a Ciudad de México  |b Secretaría de Educación Pública  |c 1948 
600 0 7 |a PEREYRA, CARLOS  |2 CL-VaPUC  |9 446224 
650 0 |a Historia de América  |9 266076 
650 0 |a Historiadores  |9 314498 
651 0 |a América  |9 255182 
583 |a last modification  |c 20000608 00:00:00  |k Rodrigo Vera 
490 0 |a Biblioteca Enciclopédica Popular, 190 
999 |c 289190  |d 289188 
952 |0 0  |1 0  |4 0  |6 980_007200000000000_AGU_1948  |7 0  |8 X  |9 337414  |a BIBHIS  |b BIBHIS  |d 2019-11-20  |i 1285998  |o 980.0072 AGU 1948  |p 1285998  |r 2024-01-30  |w 2019-11-20  |y BK_X  |k HIS